书目信息 |
| 题名: |
外国名科学家小传
|
|
| 作者: | 阿西莫夫 著 ;徐效民 译 | |
| 分册: | ||
| 出版信息: | 北京 科学普及出版社 1982 |
|
| 页数: | 116页 | |
| 开本: | 19cm | |
| 丛书名: | ||
| 单 册: | ||
| 中图分类: | K812.1 | |
| 科图分类: | ||
| 主题词: | 传记 , 科学家--列传--世界 | |
| 电子资源: | ||
| ISBN: | ||
| 000 | 00710nam0 2200253 45 | |
| 001 | 0182001227 | |
| 005 | 20060811081744.09 | |
| 010 | @dCNY0.34 | |
| 091 | @a13051.1248 | |
| 100 | @a19950413d1982 em y0chiy0121 ea | |
| 101 | 1 | @achi@ceng |
| 102 | @aCN@b110000 | |
| 105 | @ay z 000yc | |
| 200 | 10 | @a外国名科学家小传@Awai guo ming ke xue jia xiao zhuan@f(美)艾·阿西莫夫著@g徐效民译 |
| 210 | @a北京@c科学普及出版社@d1982 | |
| 215 | @a116页@d19cm | |
| 606 | 0 | @a传记 |
| 606 | @a科学家@x列传@y世界 | |
| 690 | @aK812.1@v3 | |
| 701 | 1 | @a阿西莫夫@Aa xi mo fu@4著 |
| 702 | 0 | @a徐效民@Axu xiao min@4译 |
| 801 | 2 | @aCN@bNLC@c20060811 |
| 801 | 0 | @aCN@b上海图书馆@c20060731 |
| 905 | @f1@b210417@dK812.1@e1 | |
| 外国名科学家小传/(美)艾·阿西莫夫著/徐效民译.-北京:科学普及出版社,1982 |
| 116页;19cm |
| ISBN :CNY0.34 |
| ● |
| 相关链接 |
|
|
|
|
正题名:外国名科学家小传
索取号:K812.1/1
 
预约/预借
| 序号 | 登录号 | 条形码 | 馆藏地/架位号 | 状态 | 备注 |
| 1 | 0210417 | 000186399 | 第二借阅区/ [索取号:K812.1/1] | 在馆 | |
| 2 | 0455443 | 204554437 | 密集书库/ [索取号:K812.1/1] | 在馆 |